| 000 | 01512nam a22003737a 4500 | ||
|---|---|---|---|
| 003 | CHAP | ||
| 005 | 20220329143928.0 | ||
| 008 | 060912s2012 mx r 00010 spa d | ||
| 010 | _a103869 | ||
| 011 | _a104841 | ||
| 035 | _a115531 | ||
| 040 | _cCHAP | ||
| 090 | _aTesis | ||
| 100 | 1 |
_aJiménez Mena, Pedro. _961591 |
|
| 245 | 1 | 0 |
_aLinea base de fungicidas y sensibilidad in vitro de Colletotrichum gloeosporioides aislado de frutos de litchi (Litchi chinensis soon) en Oaxaca, México _h[En línea] _c/por Pedro Jiménez Mena |
| 260 |
_aChapingo, Méx. : _bEl autor, _c2012 |
||
| 500 | _aPara ver el contenido del material haga clic en la liga | ||
| 502 | _aTesis (Ing. Agrónomo Especialista en Parasitología Agrícola) -- UACH. Departamento de Parasitología Agrícola | ||
| 590 |
_aALEPH _b10 _c20130110 _lUCH01 _h1546 |
||
| 590 |
_aBATCH-UPD _b10 _c20130110 _lUCH01 _h1439 |
||
| 590 |
_aBATCH-UPD _b10 _c20130410 _lUCH01 _h0911 |
||
| 590 |
_aBATCH-UPD _b10 _c20130914 _lUCH01 _h0605 |
||
| 590 |
_aBATCH-UPD _b10 _c20140324 _lUCH01 _h1534 |
||
| 590 |
_aBATCH-UPD _b10 _c20141002 _lUCH01 _h0855 |
||
| 590 |
_aCONVERSION _b10 _c20130109 _lUCH01 _h1357 |
||
| 650 | 1 | 4 |
_aBenomil. _911668 |
| 650 | 1 | 4 |
_aFungicidas. _944044 |
| 650 | 1 | 4 |
_aLitchi chinensis. _967111 |
| 856 |
_3Finding aid _uhttp://10.13.5.2/tesis/115531.pdf _zTeclea aqui |
||
| 901 | _aBK | ||
| 942 | _cFOLL | ||
| 949 |
_aTesis _bBC _cTES _d33724002348660 _eTS2 _fc.2 _h53967 _i115531 _st |
||
| 949 |
_aTesis _bBC _cTES _d33724002348702 _eTS1 _h53966 _i115531 _st |
||
| 999 |
_c103869 _d103869 |
||